[Event "Florianopolis op 4th"]
[Site "Florianopolis"]
[Date "2018.01.22"]
[Round "6"]
[White "Noseda, Francesco"]
[Black "Lima, Vinicius Taishun"]
[Result "1-0"]
[WhiteElo "1960"]
[BlackElo "1500"]
[PlyCount "87"]
[EventDate "2018.01.19"]
[EventType "swiss"]
[EventRounds "10"]
[EventCountry "BRA"]
[SourceTitle "EXT 2019"]
[Source "ChessBase"]
[SourceDate "2018.10.10"]
[SourceVersion "1"]
[SourceVersionDate "2018.10.10"]
[SourceQuality "1"]

1. d4 d5 2. Bf4 c6 3. c4 e6 4. e3 Nd7 5. Nc3 f5 6. Nf3 Ngf6 7. Be2 Be7 8. 0-0 Ne4 9. Ne5 0-0 10. f3 Nef6 11. c5 Nh5 12. Nxd7 Qxd7 13. Be5 Nf6 14. Qc2 Qe8 15. b4 Nd7 16. Bg3 Bf6 17. Bd6 Be7 18. Bc7 Bf6 19. f4 Bd8 20. Be5 Bf6 21. Rab1 Nxe5 22. dxe5 Be7 23. Bf3 Bd7 24. Ne2 Rc8 25. Nd4 Qf7 26. Be2 Rc7 27. Rfc1 Rfc8 28. Qb3 Kh8 29. Rb2 Rb8 30. Qc3 Rbc8 31. Qa3 Ra8 32. Rbc2 Kg8 33. Qa5 Rcc8 34. Qa4 Kh8 35. b5 Kg8 36. Qb3 Rab8 37. a4 Kh8 38. Rc3 Kg8 39. Qc2 Kh8 40. a5 cxb5 41. Bxb5 Bd8 42. a6 Bxb5 43. Nxb5 Qd7 44. Nd6 1-0

[Event "Florianopolis op 4th"]
[Site "Florianopolis"]
[Date "2018.01.21"]
[Round "4"]
[White "Noseda, Francesco"]
[Black "Campelo, Leandro Fabricio"]
[Result "0-1"]
[WhiteElo "1960"]
[BlackElo "2208"]
[PlyCount "98"]
[EventDate "2018.01.19"]
[EventType "swiss"]
[EventRounds "10"]
[EventCountry "BRA"]
[SourceTitle "EXT 2019"]
[Source "ChessBase"]
[SourceDate "2018.10.10"]
[SourceVersion "1"]
[SourceVersionDate "2018.10.10"]
[SourceQuality "1"]

1. d4 Nf6 2. Bf4 g6 3. Nc3 c5 4. d5 d6 5. e4 Bg7 6. Nf3 0-0 7. Be2 Nh5 8. Bg5 h6 9. Be3 a6 10. Qd2 Kh7 11. a4 Nf6 12. a5 Nbd7 13. 0-0 Ng4 14. Bf4 b5 15. axb6 Qxb6 16. Na4 Qc7 17. Bc4 Rb8 18. Qe2 Nb6 19. Nxb6 Rxb6 20. c3 Rb8 21. Ra2 e5 22. dxe6 fxe6 23. Bg3 e5 24. Rb1 Nf6 25. Nd2 Nh5 26. b3 Nf4 27. Qf1 Bb7 28. Rba1 d5 29. Bxa6 dxe4 30. Bxb7 Qxb7 31. Ra7 Qd5 32. Qe1 e3 33. Nf3 exf2+ 34. Qxf2 Rxb3 35. Bxf4 Rxf4 36. h3 Rxc3 37. Re7 Rcxf3 38. gxf3 Rxf3 39. Raa7 Qd1+ 40. Kg2 Rxf2+ 41. Kxf2 Qd4+ 42. Ke2 e4 43. Rad7 Qb2+ 44. Ke3 g5 45. Rd6 Qc3+ 46. Ke2 Qf3+ 47. Ke1 Qh1+ 48. Ke2 Qh2+ 49. Ke3 Qxd6 0-1

[Event "Rio de Janeiro Duchamp op"]
[Site "Rio de Janeiro"]
[Date "2017.11.11"]
[Round "1"]
[White "Rodi, Luis Ernesto"]
[Black "Noseda, Francesco"]
[Result "1-0"]
[WhiteElo "2339"]
[BlackElo "1978"]
[PlyCount "43"]
[EventDate "2017.11.11"]
[EventType "swiss"]
[EventRounds "9"]
[EventCountry "BRA"]
[SourceTitle "CBM 181 Extra"]
[Source "ChessBase"]
[SourceDate "2017.12.12"]
[SourceVersion "1"]
[SourceVersionDate "2017.12.12"]
[SourceQuality "1"]

1. e4 c5 2. Nf3 d6 3. d4 cxd4 4. Nxd4 Nf6 5. Nc3 Nc6 6. Bg5 e6 7. Qd2 Be7 8. 0-0-0 0-0 9. f4 Nxd4 10. Qxd4 Qa5 11. Kb1 e5 12. Qd2 Bg4 13. Be2 Bxe2 14. Qxe2 Rac8 15. Bxf6 Bxf6 16. Nd5 Bd8 17. f5 Rc6 18. Rd3 Qb5 19. f6 g6 20. Qd2 Qc4 21. Rc3 Qxe4 22. Qh6 1-0

[Event "Rio de Janeiro zt RJ"]
[Site "Rio de Janeiro"]
[Date "2017.09.02"]
[Round "2"]
[White "Noseda, Francesco"]
[Black "Diniz, Eduardo Almeida"]
[Result "1-0"]
[WhiteElo "1965"]
[BlackElo "1791"]
[PlyCount "77"]
[EventDate "2017.09.02"]
[EventType "swiss"]
[EventRounds "6"]
[EventCountry "BRA"]
[SourceTitle "CBM 180 Extra"]
[Source "ChessBase"]
[SourceDate "2017.10.06"]
[SourceVersion "1"]
[SourceVersionDate "2017.10.06"]
[SourceQuality "1"]

1. d4 Nf6 2. Bf4 e6 3. e3 Be7 4. Bd3 b6 5. Nf3 Bb7 6. Nbd2 d6 7. h3 Nbd7 8. 0-0 0-0 9. c3 c5 10. Re1 Rc8 11. Qe2 d5 12. Ne5 Ne4 13. f3 Nxd2 14. Qxd2 Nxe5 15. Bxe5 Bd6 16. f4 Bxe5 17. fxe5 Qg5 18. Qe2 f6 19. exf6 Rxf6 20. Rf1 Rcf8 21. Rxf6 Rxf6 22. Rf1 Rxf1+ 23. Kxf1 e5 24. Kg1 Bc8 25. Kh2 Bf5 26. Bxf5 Qxf5 27. dxc5 bxc5 28. Qb5 Qc8 29. b4 a6 30. Qxc5 Qxc5 31. bxc5 Kf7 32. Kg3 Ke7 33. Kg4 Kd7 34. Kf5 e4 35. Ke5 Kc6 36. Kd4 h5 37. h4 g6 38. g3 a5 39. a4 1-0

[Event "Sao Paulo op-A 6th"]
[Site "Sao Paulo"]
[Date "2017.04.16"]
[Round "6"]
[White "Gloor, Claudio"]
[Black "Noseda, Francesco"]
[Result "1/2-1/2"]
[WhiteElo "2101"]
[BlackElo "1927"]
[PlyCount "33"]
[EventDate "2017.04.14"]
[EventType "swiss"]
[EventRounds "6"]
[EventCountry "BRA"]
[SourceTitle "CBM 178 Extra"]
[Source "ChessBase"]
[SourceDate "2017.06.22"]
[SourceVersion "1"]
[SourceVersionDate "2017.06.22"]
[SourceQuality "1"]

1. d4 Nf6 2. Nf3 d5 3. c4 e6 4. g3 Be7 5. Bg2 0-0 6. 0-0 dxc4 7. Ne5 Nc6 8. Bxc6 bxc6 9. Nxc6 Qe8 10. Nxe7+ Qxe7 11. Qa4 a5 12. Nc3 Rd8 13. Qxc4 Ba6 14. Qc5 Qxc5 15. dxc5 Rab8 16. b3 Nd5 17. Bb2 1/2-1/2

[Event "Sao Paulo op-A 6th"]
[Site "Sao Paulo"]
[Date "2017.04.14"]
[Round "1"]
[White "Luz, Arthur Nader"]
[Black "Noseda, Francesco"]
[Result "0-1"]
[WhiteElo "2137"]
[BlackElo "1927"]
[PlyCount "86"]
[EventDate "2017.04.14"]
[EventType "swiss"]
[EventRounds "6"]
[EventCountry "BRA"]
[SourceTitle "CBM 178 Extra"]
[Source "ChessBase"]
[SourceDate "2017.06.22"]
[SourceVersion "1"]
[SourceVersionDate "2017.06.22"]
[SourceQuality "1"]

1. d4 Nf6 2. Bf4 d5 3. e3 c5 4. c3 Nc6 5. Bd3 Bg4 6. f3 Bh5 7. h4 Bg6 8. g4 Qb6 9. Bxg6 hxg6 10. Qb3 e6 11. Ne2 c4 12. Qc2 Qd8 13. Nd2 b5 14. Bg3 Be7 15. g5 Nd7 16. e4 Bxg5 17. 0-0-0 Bh6 18. exd5 exd5 19. Rde1 0-0 20. h5 g5 21. Bd6 Re8 22. Ng3 Nf6 23. Nf5 Rxe1+ 24. Rxe1 Qd7 25. Be5 Re8 26. f4 Nxh5 27. fxg5 Bxg5 28. Kd1 Nxe5 29. dxe5 Nf4 30. Nf3 Nd3 31. e6 Rxe6 32. Rh1 Bh6 33. Qh2 Qe8 34. Qg3 Rg6 35. Qh4 Nxb2+ 36. Kc2 Qe2+ 37. Kb1 Nd3 38. Ne7+ Kh7 39. Qh2 Qxe7 40. Nd4 b4 41. Nf5 Qe5 42. Qh5 Qxc3 43. Qh2 Qe5 0-1

[Event "Rio de Janeiro CXG 2nd"]
[Site "Rio de Janeiro"]
[Date "2016.05.21"]
[Round "6.3"]
[White "Noseda, Francesco"]
[Black "Baeta, Marcio Netto"]
[Result "1-0"]
[WhiteElo "1966"]
[BlackElo "1969"]
[PlyCount "129"]
[EventDate "2016.05.07"]
[EventType "swiss"]
[EventRounds "6"]
[EventCountry "BRA"]
[SourceTitle "EXT 2022"]
[Source "ChessBase"]
[SourceDate "2021.10.06"]
[SourceVersion "1"]
[SourceVersionDate "2021.10.06"]
[SourceQuality "1"]

1. e4 e5 2. Nf3 Nc6 3. Bb5 Qe7 4. Nc3 Nd8 5. 0-0 c6 6. Ba4 g6 7. Re1 f6 8. Bb3 d6 9. d4 Bh6 10. dxe5 dxe5 11. Bxh6 Nxh6 12. Qd2 Nhf7 13. Qe3 0-0 14. Na4 b6 15. Nc3 Be6 16. Red1 Bxb3 17. axb3 Ne6 18. Ne2 Rfd8 19. Nc3 Rxd1+ 20. Rxd1 Rd8 21. Rd3 Nf4 22. Rxd8+ Qxd8 23. Qd2 Kf8 24. Qxd8+ Nxd8 25. Kf1 Ke7 26. g3 Nfe6 27. Ke1 Kd6 28. Kd2 Nd4 29. Nxd4 exd4 30. Ne2 Ne6 31. Kd3 c5 32. c3 dxc3 33. bxc3 b5 34. b4 g5 35. f4 g4 36. Ke3 Nc7 37. Nc1 f5 38. Nd3 fxe4 39. Nxc5 Nd5+ 40. Kd4 e3 41. Kd3 h6 42. Ne4+ Ke6 43. Nc5+ Kf5 44. Kd4 e2 45. Nd3 Ke6 46. Ne1 h5 47. Kd3 Kf5 48. Nc2 Kf6 49. Kd2 h4 50. gxh4 a6 51. Kxe2 Nxc3+ 52. Kd3 Nd5 53. Ke4 Nc3+ 54. Kd4 Ne2+ 55. Ke3 Ng1 56. Kf2 Nf3 57. Kg3 Nd2 58. Kxg4 Nb3 59. h5 a5 60. bxa5 Nxa5 61. Nb4 Nc4 62. Nd5+ Kg7 63. Kg5 Nd6 64. f5 Nf7+ 65. Kg4 1-0

[Event "Guarapari IRT 2nd"]
[Site "Guarapari"]
[Date "2016.03.19"]
[Round "3.3"]
[White "Noseda, Francesco"]
[Black "Carvalho, Luiz Candido Brant"]
[Result "1-0"]
[WhiteElo "1974"]
[BlackElo "1763"]
[PlyCount "83"]
[EventDate "2016.03.18"]
[EventType "swiss"]
[EventRounds "5"]
[EventCountry "BRA"]
[SourceTitle "EXT 2022"]
[Source "ChessBase"]
[SourceDate "2021.10.06"]
[SourceVersion "1"]
[SourceVersionDate "2021.10.06"]
[SourceQuality "1"]

1. e4 c5 2. Nf3 d6 3. d4 cxd4 4. Nxd4 Nf6 5. Nc3 a6 6. Bg5 e6 7. f4 Be7 8. Qf3 Qc7 9. 0-0-0 Nbd7 10. Kb1 0-0 11. Bd3 b5 12. Rhe1 Bb7 13. g4 b4 14. Nce2 e5 15. Nf5 Nc5 16. Nxe7+ Qxe7 17. Ng3 Bc8 18. Bc4 Be6 19. Bxe6 fxe6 20. fxe5 dxe5 21. Qe2 a5 22. Nh5 a4 23. Nxf6+ gxf6 24. Be3 Nxe4 25. Bh6 Nc3+ 26. bxc3 bxc3 27. Ka1 Rfb8 28. Rb1 Qa3 29. Qc4 Re8 30. Qb4 Qxb4 31. Rxb4 Kf7 32. Rc4 Rec8 33. Ree4 Rd8 34. Rxc3 Rd1+ 35. Kb2 Kg6 36. Be3 Ra5 37. Ka3 Rh1 38. Rxa4 Rd5 39. Ra7 Rd8 40. Rcc7 Rf8 41. Rxh7 Rxh2 42. Rxh2 1-0

[Event "Rio de Janeiro CXG 1st"]
[Site "Rio de Janeiro"]
[Date "2016.03.12"]
[Round "6.4"]
[White "Ramos, Angelo Bil"]
[Black "Noseda, Francesco"]
[Result "1-0"]
[WhiteElo "1963"]
[BlackElo "1972"]
[PlyCount "127"]
[EventDate "2016.02.27"]
[EventType "swiss"]
[EventRounds "6"]
[EventCountry "BRA"]
[SourceTitle "EXT 2022"]
[Source "ChessBase"]
[SourceDate "2021.10.06"]
[SourceVersion "1"]
[SourceVersionDate "2021.10.06"]
[SourceQuality "1"]

1. d4 Nf6 2. c4 e6 3. Nc3 Bb4 4. f3 Nc6 5. e3 d5 6. a3 Bxc3+ 7. bxc3 0-0 8. cxd5 exd5 9. Bd3 Re8 10. Ne2 Na5 11. 0-0 c6 12. Ng3 b5 13. Ra2 Nc4 14. Re2 a5 15. Qe1 Be6 16. e4 dxe4 17. fxe4 b4 18. Bg5 Qb6 19. Bxf6 gxf6 20. Nh5 Red8 21. Nxf6+ Kf8 22. Kh1 Ne5 23. Nxh7+ Ke8 24. Nf6+ Kf8 25. dxe5 Rxd3 26. cxb4 Rxa3 27. Qh4 axb4 28. Ref2 Qb5 29. Qf4 b3 30. Nh7+ Ke8 31. Ng5 Qc4 32. Qf6 Ra1 33. Nxe6 Qxe6 34. Qh8+ Ke7 35. Qh5 Rxf1+ 36. Rxf1 c5 37. h3 c4 38. Rf6 b2 39. Rxe6+ Kxe6 40. Qf5+ Ke7 41. Qf6+ Kf8 42. Qh8+ Ke7 43. Qxa8 b1Q+ 44. Kh2 Qb2 45. Qa7+ Kd8 46. Qa5+ Ke8 47. Qa4+ Kf8 48. Qxc4 Qxe5+ 49. Kg1 Qa1+ 50. Kf2 Qb2+ 51. Qe2 Qd4+ 52. Qe3 Qb2+ 53. Kg3 Qg7+ 54. Kf3 Qf6+ 55. Qf4 Qc3+ 56. Kf2 Qd4+ 57. Kg3 Qc3+ 58. Kh2 Qb4 59. h4 Qd4 60. h5 Qc5 61. e5 Qd5 62. Qf6 Qd1 63. Qd6+ Qxd6 64. exd6 1-0

[Event "Rio de Janeiro CXG 1st"]
[Site "Rio de Janeiro"]
[Date "2016.03.05"]
[Round "3.2"]
[White "Noseda, Francesco"]
[Black "Santos Filho, Tadeu Souza"]
[Result "1/2-1/2"]
[WhiteElo "1972"]
[BlackElo "2105"]
[PlyCount "151"]
[EventDate "2016.02.27"]
[EventType "swiss"]
[EventRounds "6"]
[EventCountry "BRA"]
[SourceTitle "EXT 2022"]
[Source "ChessBase"]
[SourceDate "2021.10.06"]
[SourceVersion "1"]
[SourceVersionDate "2021.10.06"]
[SourceQuality "1"]

1. e4 e6 2. d4 d5 3. Nc3 Nf6 4. Bg5 Bb4 5. e5 h6 6. Be3 Ne4 7. Qg4 g6 8. a3 Bxc3+ 9. bxc3 c5 10. Bd3 h5 11. Qf4 g5 12. Qf3 Nxc3 13. dxc5 d4 14. Bd2 Nc6 15. Qg3 h4 16. Qxg5 Qxg5 17. Bxg5 Rh5 18. Nf3 Nxe5 19. Bf6 Nxd3+ 20. cxd3 h3 21. Bxd4 Na4 22. Rc1 Bd7 23. gxh3 Rc8 24. Rg1 Ke7 25. Ke2 Nxc5 26. Bxc5+ Rcxc5 27. Rxc5 Rxc5 28. h4 Ra5 29. Rg5 Rxa3 30. h5 Rc3 31. h6 Rc8 32. Ke3 Rh8 33. Rh5 f6 34. Kd4 Kf7 35. Kc5 Ke7 36. h7 b6+ 37. Kb4 Kf7 38. Nd2 Kg6 39. Rh4 Rxh7 40. Rd4 Bc6 41. h4 Bd5 42. Kb5 Rd7 43. Rg4+ Kf5 44. Rg3 Bb7 45. Nc4 Rd5+ 46. Kb4 Kf4 47. Rg7 a5+ 48. Kc3 Ba6 49. Nxb6 Rxd3+ 50. Kb2 Rd2+ 51. Kc3 Rd3+ 52. Kc2 Rf3 53. Ra7 Rxf2+ 54. Kc3 Rf3+ 55. Kd2 Bf1 56. Rxa5 Rh3 57. Ke1 Bg2 58. Nd7 f5 59. Kf2 Bd5 60. Ra4+ Be4 61. Nf8 Ke5 62. Nd7+ Kd6 63. Rd4+ Bd5 64. Nf8 Rh2+ 65. Kg3 Rg2+ 66. Kh3 Rg7 67. h5 Ke5 68. Rh4 Rg1 69. h6 Rh1+ 70. Kg3 f4+ 71. Kg4 Rxh4+ 72. Kxh4 Kf6 73. Kg4 e5 74. Nd7+ Kg6 75. Nxe5+ Kxh6 76. Kxf4 1/2-1/2

[Event "Maravilhosa-ch op"]
[Site "Maravilhosa"]
[Date "2016.01.23"]
[Round "4"]
[White "Noseda, Francesco"]
[Black "Rangel, Daniel"]
[Result "0-1"]
[WhiteElo "1972"]
[BlackElo "2258"]
[PlyCount "54"]
[EventDate "2016.01.22"]
[EventType "swiss"]
[EventRounds "6"]
[EventCountry "BRA"]
[SourceTitle "CBM 170 Extra"]
[Source "ChessBase"]
[SourceDate "2016.02.25"]
[SourceVersion "1"]
[SourceVersionDate "2016.02.25"]
[SourceQuality "1"]

1. e4 c5 2. Nf3 d6 3. d4 cxd4 4. Nxd4 Nf6 5. Nc3 g6 6. Be3 Bg7 7. f3 0-0 8. Qd2 Nc6 9. 0-0-0 Nxd4 10. Bxd4 Be6 11. Kb1 Qc7 12. g4 Rfe8 13. h4 Qa5 14. a3 Rab8 15. h5 b5 16. hxg6 hxg6 17. g5 Nh5 18. Bxg7 Kxg7 19. Qd4+ Kg8 20. Nd5 Bxd5 21. exd5 b4 22. Bd3 bxa3 23. Rxh5 gxh5 24. Qe4 Qc3 25. Kc1 Rxb2 26. g6 Rb1+ 27. Kxb1 Qb2# 0-1

[Event "Rio de Janeiro CXG op 5th"]
[Site "Rio de Janeiro"]
[Date "2015.12.12"]
[Round "3.1"]
[White "Khaje Hesamedini, Ali"]
[Black "Noseda, Francesco"]
[Result "1-0"]
[WhiteElo "2256"]
[BlackElo "1937"]
[PlyCount "103"]
[EventDate "2015.12.05"]
[EventType "swiss"]
[EventRounds "6"]
[EventCountry "BRA"]
[SourceTitle "EXT 2022"]
[Source "ChessBase"]
[SourceDate "2021.10.06"]
[SourceVersion "1"]
[SourceVersionDate "2021.10.06"]
[SourceQuality "1"]

1. Nf3 Nf6 2. g3 d5 3. Bg2 e6 4. 0-0 Be7 5. c4 0-0 6. b3 c5 7. Bb2 Nc6 8. d3 d4 9. e3 e5 10. exd4 exd4 11. Na3 Bg4 12. Re1 Qd7 13. Nc2 a5 14. Qd2 Bd6 15. a3 Rfe8 16. Rxe8+ Rxe8 17. Re1 b6 18. Bc1 h6 19. Rxe8+ Qxe8 20. h3 Bf5 21. Nce1 Ne5 22. Nxe5 Qxe5 23. Qd1 Qe6 24. Kh2 Nd7 25. Nf3 Ne5 26. Nxe5 Bxe5 27. Qf3 Bg6 28. Qa8+ Kh7 29. Be4 Bxe4 30. Qxe4+ g6 31. Kg2 Kg7 32. f4 Bd6 33. Qxe6 fxe6 34. Kf3 h5 35. Ke4 Kf6 36. g4 hxg4 37. hxg4 Bb8 38. Bd2 Bc7 39. Be1 Bb8 40. Bh4+ Kf7 41. Bd8 Ba7 42. Bc7 Kf6 43. Bd6 g5 44. Bc7 gxf4 45. Kxf4 Kg6 46. a4 Kf6 47. g5+ Kg6 48. Kg4 Kg7 49. Kh5 Kh7 50. Be5 Kg8 51. Kg6 Kf8 52. Kh7 1-0

[Event "Rio de Janeiro CXG op 5th"]
[Site "Rio de Janeiro"]
[Date "2015.12.05"]
[Round "2.3"]
[White "Noseda, Francesco"]
[Black "Maia, Marco Aurelio Ferre"]
[Result "1-0"]
[WhiteElo "1937"]
[BlackElo "2090"]
[PlyCount "121"]
[EventDate "2015.12.05"]
[EventType "swiss"]
[EventRounds "6"]
[EventCountry "BRA"]
[SourceTitle "EXT 2022"]
[Source "ChessBase"]
[SourceDate "2021.10.06"]
[SourceVersion "1"]
[SourceVersionDate "2021.10.06"]
[SourceQuality "1"]

1. e4 d6 2. d4 Nf6 3. Nc3 c6 4. f4 Qa5 5. Bd3 e5 6. Nf3 exd4 7. Nxd4 g6 8. 0-0 Bg7 9. Kh1 0-0 10. f5 Nbd7 11. Qe1 Qc7 12. Qh4 Re8 13. Bh6 Bh8 14. Rae1 b5 15. Bg5 Nh5 16. fxg6 hxg6 17. Nf5 f6 18. Bd2 Bg7 19. g4 gxf5 20. gxh5 Kh7 21. h6 Bh8 22. Qh5 Re7 23. Qxf5+ Kg8 24. Qg6+ Bg7 25. hxg7 Ne5 26. Qh5 Rxg7 27. Qe8+ Kh7 28. Rxf6 Rg6 29. Rxg6 Nxg6 30. e5 Qg7 31. Bxg6+ Qxg6 32. Qxg6+ Kxg6 33. exd6 Bf5 34. Re7 b4 35. Na4 a5 36. Nc5 Kf6 37. Rc7 Ke5 38. d7 Kd6 39. Rc8 Rxc8 40. dxc8Q Bxc8 41. Nd3 Bf5 42. Kg2 c5 43. Kf3 c4 44. Ne1 Kc5 45. Be3+ Kd5 46. c3 Kc6 47. Bd4 Kb5 48. Kf4 Bb1 49. a3 bxa3 50. bxa3 Ka4 51. Bb6 Kxa3 52. Bxa5 Ka4 53. Bc7 Kb5 54. Be5 Kc6 55. Kg5 Kd5 56. Kf6 Be4 57. h4 Kc6 58. h5 Kd7 59. h6 Kc6 60. Kg7 Kd5 61. Bd4 1-0

[Event "Sao Paulo op-A 3rd"]
[Site "Sao Paulo"]
[Date "2015.09.19"]
[Round "4"]
[White "Villalba, Marcelo"]
[Black "Noseda, Francesco"]
[Result "1-0"]
[WhiteElo "2262"]
[BlackElo "1897"]
[PlyCount "43"]
[EventDate "2015.09.17"]
[EventType "swiss"]
[EventRounds "6"]
[EventCountry "BRA"]
[SourceTitle "EXT 2016"]
[Source "ChessBase"]
[SourceDate "2015.10.08"]
[SourceVersion "1"]
[SourceVersionDate "2015.10.08"]
[SourceQuality "1"]

1. Nf3 d5 2. c4 e6 3. e3 Nf6 4. Nc3 Be7 5. b3 0-0 6. Bb2 c5 7. cxd5 exd5 8. d4 Nc6 9. Be2 Bf5 10. 0-0 Rc8 11. dxc5 Bxc5 12. Rc1 Be7 13. Nb5 Ne4 14. Nfd4 Nxd4 15. Bxd4 a6 16. Nc3 Ba3 17. Rc2 Qa5 18. Nxe4 Bxe4 19. Bd3 Rfd8 20. Rxc8 Rxc8 21. Bxe4 dxe4 22. Qg4 1-0